[Event "NED-ch U10"]
[Site "Borne"]
[Date "2013.08.09"]
[Round "9"]
[White "Martinez, Sara"]
[Black "Donders, Hendrik"]
[Result "1-0"]
[WhiteElo "466"]
[BlackElo "100"]
[PlyCount "61"]
[EventDate "2013.04.??"]
[EventType "swiss"]
[EventRounds "12"]
[EventCountry "NED"]
[SourceTitle "EXT 2015"]
[Source "ChessBase"]
[SourceDate "2014.11.20"]
[SourceVersion "1"]
[SourceVersionDate "2014.11.20"]
[SourceQuality "1"]

1. d4 d6 2. Nf3 e5 3. dxe5 dxe5 4. Qxd8+ Kxd8 5. e4 f6 6. Bc4 b5 7. Bxb5 a6 8. Bc4 Bg4 9. Bxg8 Rxg8 10. Nbd2 Nc6 11. 0-0 Nb4 12. c3 Nc2 13. Rb1 Bxf3 14. Nxf3 g5 15. Rd1+ Bd6 16. b3 Na3 17. Bxa3 Ke7 18. Bxd6+ cxd6 19. c4 a5 20. b4 axb4 21. Rxb4 Rxa2 22. Rb7+ Ke6 23. h3 Rc2 24. Rb6 Ra8 25. Rdxd6+ Ke7 26. Rd1 Raa2 27. Rb7+ Ke8 28. Kh2 Rxf2 29. Rdd7 Ra8 30. Rxh7 Rb2 31. Rh8# 1-0